Statistics for Elvis Presley Charting Songs (Billboard Hot 100)

Click here to take the quiz!

General Stats

  • This quiz has been taken 14 times
  • The average score is 14 of 109

Answer Stats

AlbumsWeeks OnPeakArtist(s)Song% Correct
Worldwide 50 Gold Award Hits, Vol. 115 Weeks#1 (1 Week)Elvis PresleySuspicious Minds
100%
Viva Las Vegas1 Week#92Elvis PresleyViva Las Vegas
62%
Burning Love and Hits from His Movies, Vol. 215 Weeks#2Elvis PresleyBurning Love
62%
Viva Las Vegas7 Weeks#29Elvis Presley with The JordanairesViva Las Vegas
62%
Almost In Love4 Weeks#69Elvis Presley with The JordanairesA Little Less Conversation
54%
ELV1S: 30 No. 1 Hits9 Weeks#50Elvis Presley vs JXLA Little Less Conversation
54%
From Elvis in Memphis13 Weeks#3Elvis PresleyIn The Ghetto
46%
Elvis' Christmas Album3 Weeks#33Elvis PresleyBlue Christmas
46%
Moody Blue13 Weeks#31Elvis PresleyMoody Blue/She Thinks I Still Care
46%
Elvis' Golden Records, Vol. 320 Weeks#1 (5 Weeks)Elvis Presley with The JordanairesIt's Now or Never
38%
Guitar Man20 Weeks#28Elvis PresleyGuitar Man
38%
Elvis (NBC TV Special)13 Weeks#12Elvis PresleyIf I Can Dream
38%
Wild in the Country5 Weeks#26Elvis Presley with The JordanairesWild in the Country
38%
Girls! Girls! Girls!16 Weeks#2Elvis Presley with The JordanairesReturn To Sender
38%
Blue Hawaii14 Weeks#2Elvis Presley with The JordanairesCan't Help Falling In Love
31%
Promised Land13 Weeks#14Elvis PresleyPromised Land
31%
On Stage12 Weeks#9Elvis PresleyThe Wonder of You/Mama Liked the Roses
23%
Frankie and Johnny8 Weeks#25Elvis PresleyFrankie and Johnny
23%
Elvis' Gold Records, Vol. 47 Weeks#19Elvis PresleyLove Letters
23%
Elvis' Gold Records, Vol. 416 Weeks#1 (6 Weeks)Elvis Presley with The JordanairesAre You Lonesome Tonight?
23%
Elvis Aron Presley6 Weeks#66Elvis PresleyAn American Trilogy
23%
Elvis in Concert12 Weeks#22Elvis PresleyMy Way
23%
Today9 Weeks#35Elvis PresleyT-R-O-U-B-L-E
23%
Pot Luck with Elvis6 Weeks#34Elvis Presley with The JordanairesKiss Me Quick
15%
Elvis' Golden Records, Vol. 316 Weeks#1 (4 Weeks)Elvis Presley with The JordanairesStuck On You
15%
Spinout7 Weeks#40Elvis Presley with The JordanairesSpinout
15%
Separate Ways12 Weeks#20Elvis PresleySeparate Ways
15%
Elvis' Golden Records, Vol. 313 Weeks#1 (2 Weeks)Elvis Presley with The JordanairesGood Luck Charm
15%
Moody Blue21 Weeks#18Elvis PresleyWay Down
15%
ELVIS: 2nd to None2 Weeks#94Elvis PresleyRubberneckin'
15%
Non-Album Single13 Weeks#5Elvis PresleyLittle Sister
15%
C'Mon Everybody10 Weeks#15Elvis PresleyFollow That Dream
15%
50,000,000 Elvis Fans Can't Be Wrong: Elvis' Gold Records, Vol. 217 Weeks#4Elvis PresleyOne Night
15%
Kissin' Cousins9 Weeks#12Elvis Presley with The JordanairesKissin Cousins
15%
You'll Never Walk Alone2 Weeks#90Elvis Presley with The JordanairesYou'll Never Walk Alone
15%
Worldwide 50 Gold Award Hits, Vol. 113 Weeks#6Elvis PresleyDon't Cry Daddy/Rubberneckin'
15%
Clambake6 Weeks#38Elvis PresleyBig Boss Man
8%
Non-Album Single8 Weeks#31Elvis Presley with The JordanairesAnything That's Part of You
8%
That's the Way It Is9 Weeks#32Elvis PresleyI've Lost You/The Next Step Is Love
8%
Elvis' Gold Records, Vol. 47 Weeks#29Elvis Presley with The JordanairesIt Hurts Me
8%
50,000,000 Elvis Fans Can't Be Wrong: Elvis' Gold Records, Vol. 215 Weeks#2Elvis Presley with The Jordanaires(Now and Then There's) A Fool Such As I
8%
Almost In Love9 Weeks#28Elvis Presley with The JordanairesU.S. Male
8%
From Elvis Presley Boulevard, Memphis, Tennessee11 Weeks#28Elvis PresleyHurt/for The Heart
8%
Non-Album Single7 Weeks#32Elvis Presley with The JordanairesWitchcraft
8%
Elvis' Gold Records, Volume 45 Weeks#32Elvis Presley with The JordanairesLonely Man
8%
Non-Album Single5 Weeks#55Elvis Presley with The JordanairesJust Tell Her Jim Said Hello
8%
Elvis' Golden Records, Vol. 312 Weeks#1 (2 Weeks)Elvis Presley with The JordanairesSurrender
8%
18 UK #1s9 Weeks#23Elvis Presley with The JordanairesRock-A-Hula Baby
8%
Elvis Gold Records, Vol. 411 Weeks#32Elvis Presley with The JordanairesA Mess of Blues
8%
50,000,000 Elvis Fans Can't Be Wrong: Elvis' Gold Records, Vol. 214 Weeks#1 (2 Weeks)Elvis Presley with The JordanairesA Big Hunk O' Love
8%
Elvis' Gold Records, Vol. 46 Weeks#21Elvis Presley with Jubilee Four & Carole Lombard QuartetWhat'd I Say
8%
Elvis Sings Flaming Star7 Weeks#14Elvis Presley with The JordanairesFlaming Star
8%
Almost In Love2 Weeks#95Elvis Presley with The JordanairesAlmost In Love
8%
Elvis' Golden Records, Vol. 310 Weeks#5Elvis Presley with The JordanairesShe's Not You
8%
Elvis' Golden Records, Vol. 39 Weeks#5Elvis PresleyI Feel So Bad
8%
Non-Album Single16 Weeks#8Elvis PresleyI Got Stung
8%
Stay Away, Joe5 Weeks#67Elvis Presley with The JordanairesStay Away
8%
How Great Thou Art14 Weeks#3Elvis Presley with The JordanairesCrying in the Chapel
8%
Elvis' Gold Records, Vol. 412 Weeks#12Elvis Presley with The JordanairesAsk Me
8%
Raised on Rock / For Ol' Times Sake9 Weeks#41Elvis PresleyRaised on Rock/For Ol' Times Sake
8%
Aloha from Hawaii Via Satellite12 Weeks#17Elvis PresleySteamroller Blues/Fool
8%
Non-Album Single10 Weeks#17Elvis Presley with The JordanairesFame and Fortune
8%
Worldwide 50 Gold Award Hits, Vol. 19 Weeks#16Elvis PresleyKentucky Rain
8%
Elvis is Back!8 Weeks#16Elvis Presley with The JordanairesSuch a Night
8%
Non-Album Single11 Weeks#20Elvis Presley with The JordanairesI Gotta Know
8%
Elvis' Gold Records, Vol. 410 Weeks#16Elvis PresleyAin't That Loving You Baby
8%
Double Trouble1 Week#95Elvis PresleyBlue River
0%
Frankie and Johnny8 Weeks#45Elvis PresleyPlease Don't Stop Loving Me
0%
Clambake6 Weeks#44Elvis Presley with The JordanairesYou Don't Know Me
0%
Elvis Aron Presley6 Weeks#51Elvis PresleyIt's Only Love
0%
Love Letters From Elvis7 Weeks#53Elvis PresleyLife/Only Believe
0%
Non-Album Single4 Weeks#53Elvis Presley with The Mello MenThey Remind Me Too Much Of You
0%
Today5 Weeks#65Elvis PresleyBringing It Back
0%
Pot Luck with Elvis6 Weeks#55Elvis Presley with The JordanairesIt Feels So Right
0%
Pot Luck1 Week#92Elvis Presley with The JordanairesThat's Someone You'll Never Forget
0%
Something For Everybody5 Weeks#78Elvis PresleyJudy
0%
Something for Everybody6 Weeks#56Elvis Presley with The JordanairesThere's Always Me
0%
Double Trouble5 Weeks#63Elvis Presley with The JordanairesLong Legged Girl (With the Short Dress On)
0%
Non-Album Single7 Weeks#70Elvis Presley with The JordanairesTickle Me
0%
Speedway5 Weeks#71Elvis Presley with The JordanairesLet Yourself Go
0%
The Elvis Medley7 Weeks#71Elvis PresleyThe Elvis Medley
0%
Speedway7 Weeks#72Elvis Presley with The JordanairesYour Time Hasn't Come Yet, Baby
0%
Elvis' Gold Records, Vol. 411 Weeks#3Elvis Presley with The Jordanaires(You're The) Devil In Disguise
0%
Spinout8 Weeks#41Elvis Presley with The JordanairesAll That I Am
0%
Promised Land13 Weeks#17Elvis PresleyIf You Talk In Your Sleep
0%
50,000,000 Elvis Fans Can't Be Wrong: Elvis' Gold Records, Vol. 213 Weeks#4Elvis Presley with The JordanairesI Need Your Love Tonight
0%
Elvis' Golden Records, Vol. 311 Weeks#4Elvis Presley(Marie's The Name) His Latest Flame
0%
King Kreole8 Weeks#4Elvis Presley with The JordanairesHard Headed Woman
0%
Fun in Acapulco10 Weeks#8Elvis Presley with The JordanairesBossa Nova Baby
0%
Pot Luck with Elvis11 Weeks#11Elvis PresleyI'm Yours
0%
That's the Way It Is10 Weeks#11Elvis PresleyYou Don't Have To Say You Love Me/Patch It Up
0%
It Happened at the World's Fair9 Weeks#11Elvis Presley with The Mello MenOne Broken Heart for Sale
0%
Pot Luck with Elvis8 Weeks#11Elvis Presley with The Jordanaires(Such An) Easy Question
0%
Non-Album Single11 Weeks#12Elvis Presley with The JordanairesMy Wish Came True
0%
Girl Happy10 Weeks#14Elvis Presley with The JordanairesPuppet on a String
0%
Good Times11 Weeks#20Elvis PresleyMy Boy
0%
Elvis Now9 Weeks#40Elvis PresleyUntil It's Time For You To Go
0%
Elvis Country (I'm 10,000 Years Old)9 Weeks#21Elvis PresleyI Really Don't Want To Know / There Goes My Everything
0%
Girl Happy8 Weeks#21Elvis Presley with The Jordanaires, Jubilee Four & Carol Lombard TrioDo the Clam
0%
Non-Album Single7 Weeks#30Elvis Presley with The JordanairesKing of the Whole Wide World
0%
Elvis' Gold Records, Volume 48 Weeks#33Elvis Presley with The Jordanaires and The Imperials QuartetIndescribably Blue
0%
The Other Sides: Worldwide Gold Award Hits, Vol. 27 Weeks#33Elvis Presley with The JordanairesTell Me Why
0%
He Walks Beside Me7 Weeks#33Elvis PresleyWhere Did They Go, Lord/Rags to Riches
0%
King Creole5 Weeks#34Elvis Presley with The JordanairesDon't Ask Me Why
0%
Almost In Love8 Weeks#35Elvis PresleyClean Up Your Back Yard
0%
Elvis (NBC TV Special)7 Weeks#35Elvis PresleyMemories
0%
Elvis Aron Presley9 Weeks#36Elvis PresleyI'm Leavin'
0%
Good Times12 Weeks#39Elvis PresleyI've Got a Thing About You Baby/Take Good Care of Her
0%
Girls! Girls! Girls!1 Week#99Elvis Presley with The JordanairesWhere Do You Come From
0%

Score Distribution

Percentile by Number Answered

Percent of People with Each Score

Your Score History

You have not taken this quiz